000 00462nam a22001217a 4500
999 _c203
_d203
005 20200810170122.0
008 200810b ||||| |||| 00| 0 eng d
020 _a0891584811
040 _cCML
245 _aEasing Transition in Southern Africa: New Techniques for Policy Planning.
_cCharles C. Slater, Dorothy G. Jenkins, Laszio A. Pook, and Dahringer, L.D.
260 _aCentral Avenue
_bWestview Press Inc
_c1979
942 _2ddc
_cBK
_h307.1
_mEAS